000 00325nam a22001457a 4500
003 SGT
082 _a615.53
_bC09S
100 _aSENGUPTA, NARENDRANATH
245 _aCHARAKA SAMHITA
250 _a3RD
260 _aDELHI
_bCHAUKHAMBHA PUB
_c2009
300 _a592,1189,2260,3068,3828
650 _aAYURVEDA
942 _2ddc
_cBK
999 _c15388
_d15388